000 00635nam a22001937a 4500
999 _c189520
_d189520
005 20220704123114.0
010 _aENG-133430
020 _a9789381351970
_c350.00
035 _aEN-116962
037 _bDBAD/PUB
082 _a181.41
100 _aKaka,Sai
245 _aWithin with him/
_cSai kaka and translated by Vijaya Gat
260 _aPune
_bScion publications pvt.ltd
_c2017
270 _a3rd floor,Swojas House 1159,Sadashiv Peth Near Hatti Ganapati
_bPune
_e411030
_mscionpublications@rediffmail.com
300 _a296p.
_c22cm(pkb)
700 _aTranslated by Gat,Vijaya
942 _2ddc
_cEN
_h181.41
_mKAK